Statistics for Official European Languages without a COTW Quiz

Click here to take the quiz!

General Stats

  • This quiz has been taken 568 times
    (554 since last reset)
  • The average score is 5 of 8

Answer Stats

Language% Correct
Albanian
79%
Latvian
74%
Ukrainian
69%
Belarusian
67%
Macedonian
61%
Bosnian
58%
Moldovan
51%
Montenegrin
41%

Score Distribution

Percentile by Number Answered

Percent of People with Each Score

Your Score History

You have not taken this quiz since the last reset